UBT Library

Remediating reading difficulties / (Record no. 40781)

000 -LEADER
fixed length control field 00633cam a2200217 a 4500
001 - CONTROL NUMBER
control field 2563745
005 - DATE AND TIME OF LATEST TRANSACTION
control field 20180123072618.0
008 - FIXED-LENGTH DATA ELEMENTS--GENERAL INFORMATION
fixed length control field 950327s1996 wiua 001 0 eng
010 ## - LIBRARY OF CONGRESS CONTROL NUMBER
LC control number 95075721
020 ## - INTERNATIONAL STANDARD BOOK NUMBER
International Standard Book Number 0697241300 (pbk.)
040 ## - CATALOGING SOURCE
Original cataloging agency DLC
Transcribing agency DLC
Modifying agency DLC
041 ## - LANGUAGE CODE
Language code of text/sound track or separate title eng
080 ## - UNIVERSAL DECIMAL CLASSIFICATION NUMBER
Universal Decimal Classification number 372.43 SHA
082 00 - DEWEY DECIMAL CLASSIFICATION NUMBER
Classification number 372.43 SHA
Edition number 20
100 1# - Rafti
Rafti 48
101 ## - Shkurtesa
Shkurtesa EDU
245 10 - TITLE STATEMENT
Title Remediating reading difficulties /
Statement of responsibility, etc Sharon J. Crawley, King Merritt.
906 ## - LOCAL DATA ELEMENT F, LDF (RLIN)
a 7
b cbc
c orignew
d 2
e opcn
f 19
g y-gencatlg
942 ## - ADDED ENTRY ELEMENTS (KOHA)
Source of classification or shelving scheme
Item type Books
Holdings
Withdrawn status Lost status Source of classification or shelving scheme Damaged status Not for loan Collection code Permanent location Current location Shelving location Date acquired Total Checkouts Full call number Barcode Date last seen Price effective from Koha item type
          Koleksioni i përgjithshem UBT - Lipjan UBT - Lipjan Koleksioni i përgjithshem 01/23/2018   372.43 SHA 002-2996295 01/23/2018 01/23/2018 Books
UBT Library © 2015-2024. All rights reserved University Education for Business and Technology